00666nam a2200229Ia 450000500170000000800410001702000150005808200210007310000150009424500630010926000280017226000420020030000120024265000100025465000110026465000090027565000130028465000210029794200060031895200970032499900150042120250122060650.0240331s9999 xx 000 0 und d a8170366445 bCUS24672a305.4 aCusters, P 0aCapital Accumulation and Women's Labour in Asian Economies aLondonbZed Booksc1997 aNew DelhibVistaar Publicationsc1997 a401 p., aWomen aLabour aAsia aFeminism aWomen's Movement cL 001040708LaWERCLbWERCLcSSCd2024-03-31l0o 305.4 CUSp4672r2024-03-31w2024-03-31yL c1634d1634